[Event "Team Championship Russia (Rapid, Men)"]
[Site "Sochi"]
[Date "2018.10.08"]
[Round "1.23"]
[White "Romanov, Evgeny"]
[Black "Tenikashvili, Georgij"]
[Result "1-0"]
[BlackElo "2232"]
[WhiteElo "2527"]
[LiveChessVersion "1.4.8"]

1. e4 {[%clk 0:15:16]} c6 {[%clk 0:15:16]} 2. d4 {[%clk 0:15:13]} d5
{[%clk 0:15:23]} 3. e5 {[%clk 0:15:15]} Bf5 {[%clk 0:15:25]} 4. Nf3
{[%clk 0:15:23]} e6 {[%clk 0:15:30]} 5. Be2 {[%clk 0:15:32]} Nd7 {[%clk 0:15:36]}
6. O-O {[%clk 0:15:21]} h6 {[%clk 0:15:23]} 7. Nbd2 {[%clk 0:15:27]} Ne7
{[%clk 0:15:12]} 8. c3 {[%clk 0:15:31]} Rc8 {[%clk 0:13:09]} 9. b4
{[%clk 0:15:14]} Ng6 {[%clk 0:12:12]} 10. Nb3 {[%clk 0:15:15]} Be7
{[%clk 0:11:30]} 11. a4 {[%clk 0:15:03]} O-O {[%clk 0:11:05]} 12. a5
{[%clk 0:15:10]} f6 {[%clk 0:10:47]} 13. exf6 {[%clk 0:15:17]} Bxf6
{[%clk 0:10:48]} 14. Be3 {[%clk 0:12:36]} Re8 {[%clk 0:07:59]} 15. Bd3
{[%clk 0:12:10]} Bxd3 {[%clk 0:05:45]} 16. Qxd3 {[%clk 0:12:19]} Kf7
{[%clk 0:04:57]} 17. Rfe1 {[%clk 0:11:29]} a6 {[%clk 0:03:10]} 18. h3
{[%clk 0:07:58]} e5 {[%clk 0:02:36]} 19. dxe5 {[%clk 0:08:05]} Ndxe5
{[%clk 0:02:43]} 20. Nxe5+ {[%clk 0:08:14]} Nxe5 {[%clk 0:02:52]} 21. Qf5
{[%clk 0:08:22]} Qd7 {[%clk 0:00:59]} 22. Qh5+ {[%clk 0:08:29]} Kg8
{[%clk 0:01:02]} 23. Nc5 {[%clk 0:08:35]} Qc7 {[%clk 0:00:47]} 24. Bd4
{[%clk 0:08:16]} Rb8 {[%clk 0:00:23]} 25. f4 {[%clk 0:07:47]} Qf7
{[%clk 0:00:30]} 26. Rxe5 {[%clk 0:07:26]} Bxe5 {[%clk 0:00:24]} 27. Qxf7+
{[%clk 0:07:33]} Kxf7 {[%clk 0:00:33]} 28. Bxe5 {[%clk 0:07:40]} Ra8
{[%clk 0:00:34]} 29. Nxb7 {[%clk 0:07:46]} Re7 {[%clk 0:00:30]} 30. Nc5
{[%clk 0:07:59]} g5 {[%clk 0:00:33]} 31. Rf1 {[%clk 0:07:55]} gxf4
{[%clk 0:00:20]} 32. Rxf4+ {[%clk 0:08:02]} Kg8 {[%clk 0:00:23]} 33. Bd4
{[%clk 0:08:01]} Kh7 {[%clk 0:00:26]} 34. Rf6 {[%clk 0:08:06]} Re2
{[%clk 0:00:24]} 35. Rxc6 {[%clk 0:07:37]} Rg8 {[%clk 0:00:33]} 36. Rc7+
{[%clk 0:07:45]} Kg6 {[%clk 0:00:41]} 37. Nd3 {[%clk 0:07:29]} Rd2
{[%clk 0:00:41]} 38. Nf2 {[%clk 0:07:09]} h5 {[%clk 0:00:29]} 39. Rc6+
{[%clk 0:07:13]} Kh7 {[%clk 0:00:24]} 40. Rxa6 {[%clk 0:07:14]} h4
{[%clk 0:00:27]} 41. Ra7+ {[%clk 0:07:20]} Kg6 {[%clk 0:00:33]} 42. Rd7
{[%clk 0:07:23]} Re8 {[%clk 0:00:35]} 43. a6 {[%clk 0:07:05]} Re1+
{[%clk 0:00:32]} 44. Kh2 {[%clk 0:07:13]} 1-0

[Event "Team Championship Russia (Rapid, Men)"]
[Site "Sochi"]
[Date "2018.10.08"]
[Round "1.25"]
[White "Tsvetkov, Andrey"]
[Black "Bocharov, Ivan"]
[Result "1-0"]
[BlackElo "2668"]
[WhiteElo "2167"]
[LiveChessVersion "1.4.8"]

1. d4 {[%clk 0:15:19]} d5 {[%clk 0:15:20]} 2. c4 {[%clk 0:15:28]} c6
{[%clk 0:15:29]} 3. Nf3 {[%clk 0:15:37]} Nf6 {[%clk 0:15:38]} 4. g3
{[%clk 0:15:46]} Bf5 {[%clk 0:15:34]} 5. Nc3 {[%clk 0:15:53]} e6 {[%clk 0:15:23]}
6. Nh4 {[%clk 0:15:59]} Be4 {[%clk 0:15:11]} 7. f3 {[%clk 0:15:58]} Bg6
{[%clk 0:15:20]} 8. Qb3 {[%clk 0:16:05]} Qb6 {[%clk 0:15:17]} 9. c5
{[%clk 0:16:11]} Qc7 {[%clk 0:14:38]} 10. Bf4 {[%clk 0:16:19]} Qc8
{[%clk 0:14:46]} 11. e4 {[%clk 0:16:07]} dxe4 {[%clk 0:14:14]} 12. Nxg6 hxg6
{[%clk 0:14:23]} 13. Nxe4 {[%clk 0:16:21]} Nxe4 {[%clk 0:14:14]} 14. fxe4
{[%clk 0:16:30]} Nd7 {[%clk 0:14:22]} 15. Bc4 {[%clk 0:15:05]} Be7
{[%clk 0:12:24]} 16. O-O {[%clk 0:13:20]} Nf6 {[%clk 0:10:32]} 17. Qf3
{[%clk 0:12:13]} O-O {[%clk 0:10:10]} 18. Rad1 {[%clk 0:09:56]} Qd7
{[%clk 0:09:38]} 19. Bd6 {[%clk 0:08:19]} Bxd6 {[%clk 0:05:26]} 20. cxd6
{[%clk 0:08:28]} Rac8 {[%clk 0:05:18]} 21. b4 {[%clk 0:07:37]} a5
{[%clk 0:05:10]} 22. a3 {[%clk 0:05:55]} axb4 {[%clk 0:04:32]} 23. axb4
{[%clk 0:06:04]} b6 {[%clk 0:04:41]} 24. e5 {[%clk 0:05:03]} Nd5 {[%clk 0:04:49]}
25. Qb3 {[%clk 0:05:12]} b5 {[%clk 0:04:11]} 26. Bxd5 {[%clk 0:05:20]} cxd5
{[%clk 0:04:20]} 27. Rc1 {[%clk 0:05:25]} Rc4 {[%clk 0:04:30]} 28. Rxc4
{[%clk 0:04:28]} dxc4 {[%clk 0:04:19]} 29. Qc3 {[%clk 0:04:04]} f6
{[%clk 0:03:52]} 30. Kg2 {[%clk 0:03:36]} Qb7+ {[%clk 0:01:47]} 31. Qf3
{[%clk 0:02:44]} Qxf3+ {[%clk 0:01:55]} 32. Rxf3 {[%clk 0:02:53]} Rc8
{[%clk 0:01:32]} 33. Kf2 {[%clk 0:01:43]} Kf7 {[%clk 0:01:19]} 34. Ra3
{[%clk 0:01:27]} g5 {[%clk 0:00:44]} 35. Ra7+ {[%clk 0:01:14]} Kg6
{[%clk 0:00:53]} 36. d5 {[%clk 0:01:09]} Kf5 {[%clk 0:00:54]} 37. dxe6
{[%clk 0:00:27]} Kxe6 {[%clk 0:00:44]} 38. Re7+ {[%clk 0:00:37]} Kd5
{[%clk 0:00:51]} 39. d7 {[%clk 0:00:46]} Rd8 {[%clk 0:00:58]} 40. e6
{[%clk 0:00:54]} Kd6 {[%clk 0:00:48]} 41. Re8 {[%clk 0:00:33]} Kc7
{[%clk 0:00:58]} 42. Ke3 {[%clk 0:00:29]} f5 {[%clk 0:01:04]} 43. Kd4
{[%clk 0:00:26]} f4 {[%clk 0:01:13]} 44. gxf4 {[%clk 0:00:33]} gxf4
{[%clk 0:01:22]} 45. Kd5 {[%clk 0:00:34]} c3 {[%clk 0:01:30]} 46. Rxd8
{[%clk 0:00:43]} 1-0

[Event "Team Championship Russia (Rapid, Men)"]
[Site "Sochi"]
[Date "2018.10.08"]
[Round "1.27"]
[White "Mochalin, Faddey"]
[Black "Khanin, Semen"]
[Result "0-1"]
[BlackElo "2523"]
[WhiteElo "1911"]
[LiveChessVersion "1.4.8"]

1. e4 {[%clk 0:15:18]} e5 {[%clk 0:15:19]} 2. Nf3 {[%clk 0:15:26]} Nc6
{[%clk 0:15:27]} 3. Bb5 {[%clk 0:15:31]} a6 {[%clk 0:15:35]} 4. Ba4
{[%clk 0:15:39]} b5 {[%clk 0:15:42]} 5. Bb3 {[%clk 0:15:47]} g6 {[%clk 0:15:50]}
6. O-O Bg7 7. c3 {[%clk 0:15:30]} Nge7 {[%clk 0:15:54]} 8. d4 {[%clk 0:15:23]}
exd4 {[%clk 0:16:02]} 9. cxd4 {[%clk 0:15:27]} O-O {[%clk 0:16:07]} 10. Re1
{[%clk 0:15:02]} d6 {[%clk 0:16:10]} 11. h3 {[%clk 0:15:04]} Bb7 {[%clk 0:15:54]}
12. Bg5 {[%clk 0:14:38]} h6 {[%clk 0:15:41]} 13. Bh4 {[%clk 0:14:42]} Na5
{[%clk 0:15:30]} 14. Bc2 {[%clk 0:14:20]} Qd7 {[%clk 0:15:14]} 15. Nc3
{[%clk 0:13:56]} Nc4 {[%clk 0:14:40]} 16. Rb1 {[%clk 0:11:31]} g5
{[%clk 0:12:01]} 17. Bg3 {[%clk 0:11:28]} f5 {[%clk 0:12:09]} 18. Qd3
{[%clk 0:06:47]} Rad8 {[%clk 0:07:28]} 19. exf5 {[%clk 0:05:21]} Nxf5
{[%clk 0:07:35]} 20. d5 {[%clk 0:05:24]} Nb6 {[%clk 0:07:00]} 21. Bb3
{[%clk 0:02:06]} b4 {[%clk 0:06:31]} 22. Ne2 {[%clk 0:01:08]} Qb5
{[%clk 0:04:30]} 23. Red1 {[%clk 0:00:50]} Qxd3 {[%clk 0:04:25]} 24. Rxd3
{[%clk 0:00:59]} a5 {[%clk 0:04:25]} 25. Ned4 {[%clk 0:00:21]} Nxd4
{[%clk 0:04:33]} 26. Nxd4 {[%clk 0:00:30]} a4 {[%clk 0:04:42]} 27. Bc2
{[%clk 0:00:14]} Bxd5 {[%clk 0:04:50]} 28. f3 {[%clk 0:00:12]} Bxa2
{[%clk 0:04:37]} 29. Ra1 {[%clk 0:00:12]} Bc4 {[%clk 0:04:45]} 30. Rd2
{[%clk 0:00:18]} Ra8 {[%clk 0:04:20]} 31. Be4 {[%clk 0:00:24]} d5
{[%clk 0:04:12]} 32. Bg6 {[%clk 0:00:14]} a3 {[%clk 0:04:16]} 33. bxa3
{[%clk 0:00:17]} c5 {[%clk 0:04:10]} 34. Nc6 {[%clk 0:00:11]} Bxa1
{[%clk 0:04:16]} 35. Bc7 {[%clk 0:00:12]} bxa3 {[%clk 0:04:11]} 36. Bxb6
{[%clk 0:00:19]} a2 {[%clk 0:04:16]} 37. Bxc5 {[%clk 0:00:25]} Bc3
{[%clk 0:04:19]} 38. Ne7+ {[%clk 0:00:12]} Kg7 {[%clk 0:04:26]} 0-1

[Event "Team Championship Russia (Rapid, Men)"]
[Site "Sochi"]
[Date "2018.10.08"]
[Round "1.28"]
[White "Kezin, Roman"]
[Black "Girshgorn, Leonid"]
[Result "1-0"]
[BlackElo "2131"]
[WhiteElo "2462"]
[LiveChessVersion "1.4.8"]

1. d4 {[%clk 0:15:18]} Nf6 {[%clk 0:15:28]} 2. c4 {[%clk 0:15:27]} g6
{[%clk 0:15:37]} 3. Nc3 {[%clk 0:15:35]} d5 {[%clk 0:15:45]} 4. Nf3
{[%clk 0:15:40]} Bg7 {[%clk 0:15:54]} 5. cxd5 {[%clk 0:15:46]} Nxd5
{[%clk 0:16:02]} 6. e4 {[%clk 0:15:55]} Nxc3 {[%clk 0:16:09]} 7. bxc3
{[%clk 0:16:03]} c5 {[%clk 0:16:18]} 8. Be3 {[%clk 0:16:12]} Nc6 {[%clk 0:16:25]}
9. Qd2 {[%clk 0:15:24]} cxd4 {[%clk 0:16:21]} 10. cxd4 {[%clk 0:15:32]} Bg4
{[%clk 0:16:14]} 11. Rd1 {[%clk 0:15:17]} Bxf3 {[%clk 0:15:47]} 12. gxf3
{[%clk 0:15:25]} O-O {[%clk 0:15:53]} 13. Be2 {[%clk 0:15:25]} Qd7
{[%clk 0:15:42]} 14. d5 {[%clk 0:14:13]} Ne5 {[%clk 0:15:48]} 15. f4
{[%clk 0:08:02]} Ng4 {[%clk 0:15:55]} 16. Bd4 {[%clk 0:08:09]} e5
{[%clk 0:12:11]} 17. fxe5 {[%clk 0:07:49]} Bxe5 {[%clk 0:11:21]} 18. Rg1
{[%clk 0:04:05]} Bxd4 {[%clk 0:08:30]} 19. Bxg4 {[%clk 0:04:13]} f5
{[%clk 0:08:39]} 20. Bxf5 {[%clk 0:04:15]} Rxf5 {[%clk 0:06:55]} 21. exf5
{[%clk 0:04:24]} Re8+ {[%clk 0:05:23]} 22. Kf1 {[%clk 0:04:32]} Bb6
{[%clk 0:05:26]} 23. fxg6 {[%clk 0:01:30]} Qh3+ {[%clk 0:05:34]} 24. Rg2
{[%clk 0:01:38]} hxg6 {[%clk 0:04:40]} 25. Kg1 {[%clk 0:01:01]} Qf3
{[%clk 0:04:36]} 26. Rf1 {[%clk 0:00:49]} Re4 {[%clk 0:04:12]} 27. Rxg6+
{[%clk 0:00:48]} Kf7 {[%clk 0:04:15]} 28. Rg3 {[%clk 0:00:56]} Rg4
{[%clk 0:04:16]} 29. Qh6 {[%clk 0:00:13]} Rxg3+ {[%clk 0:04:13]} 30. hxg3
{[%clk 0:00:22]} Qxg3+ {[%clk 0:04:22]} 31. Kh1 {[%clk 0:00:32]} Qf3+
{[%clk 0:04:30]} 32. Kh2 {[%clk 0:00:29]} Bd4 {[%clk 0:01:57]} 33. Qe6+
{[%clk 0:00:36]} Kf8 {[%clk 0:02:01]} 34. Qc8+ {[%clk 0:00:32]} Kf7
{[%clk 0:02:02]} 35. Qxb7+ {[%clk 0:00:27]} Kf6 {[%clk 0:02:00]} 36. Qc6+
{[%clk 0:00:33]} Kf7 {[%clk 0:02:06]} 37. Qc7+ {[%clk 0:00:36]} Kf8
{[%clk 0:02:08]} 38. Qd6+ {[%clk 0:00:24]} Kf7 {[%clk 0:02:16]} 39. Qc7+
{[%clk 0:00:16]} Kf8 {[%clk 0:02:24]} 40. Qd8+ {[%clk 0:00:24]} Kf7
{[%clk 0:02:30]} 41. Qc7+ {[%clk 0:00:32]} Kf8 {[%clk 0:02:39]} 42. Qd6+
{[%clk 0:00:21]} Kf7 {[%clk 0:02:47]} 43. Qg3 {[%clk 0:00:30]} Qh5+
{[%clk 0:02:52]} 44. Kg2 {[%clk 0:00:38]} Bf6 {[%clk 0:02:45]} 45. d6
{[%clk 0:00:33]} Qd5+ {[%clk 0:02:54]} 46. Kg1 {[%clk 0:00:42]} Be5
{[%clk 0:02:52]} 47. Qb3 {[%clk 0:00:50]} 1-0

[Event "Team Championship Russia (Rapid, Men)"]
[Site "Sochi"]
[Date "2018.10.08"]
[Round "1.29"]
[White "Rakhmanov, Aleksandr"]
[Black "Garifullina, Leya"]
[Result "1/2-1/2"]
[BlackElo "2030"]
[WhiteElo "2688"]
[LiveChessVersion "1.4.8"]

1. d4 {[%clk 0:15:18]} Nf6 {[%clk 0:15:19]} 2. c4 {[%clk 0:15:26]} e6
{[%clk 0:15:27]} 3. Nc3 {[%clk 0:15:34]} Bb4 {[%clk 0:15:35]} 4. e3
{[%clk 0:15:42]} c5 {[%clk 0:15:44]} 5. Bd3 {[%clk 0:15:47]} d5 {[%clk 0:15:45]}
6. Nge2 {[%clk 0:15:44]} O-O {[%clk 0:15:53]} 7. cxd5 {[%clk 0:15:31]} cxd4
{[%clk 0:16:01]} 8. exd4 {[%clk 0:15:38]} Nxd5 {[%clk 0:16:09]} 9. a3
{[%clk 0:15:36]} Bd6 {[%clk 0:15:36]} 10. Qc2 {[%clk 0:15:35]} h6
{[%clk 0:15:25]} 11. Be4 {[%clk 0:14:50]} Nf6 {[%clk 0:14:19]} 12. Bf3
{[%clk 0:14:58]} Nc6 {[%clk 0:13:34]} 13. Be3 {[%clk 0:15:07]} Ne7
{[%clk 0:12:09]} 14. Qd2 {[%clk 0:12:54]} Nf5 {[%clk 0:11:41]} 15. Bf4
{[%clk 0:10:31]} Bxf4 {[%clk 0:11:08]} 16. Qxf4 {[%clk 0:10:38]} Qd6
{[%clk 0:10:22]} 17. Qxd6 {[%clk 0:08:01]} Nxd6 {[%clk 0:10:30]} 18. Nf4
{[%clk 0:05:39]} Rb8 {[%clk 0:08:49]} 19. O-O {[%clk 0:05:41]} b6
{[%clk 0:08:43]} 20. Rfe1 {[%clk 0:05:36]} Bb7 {[%clk 0:07:59]} 21. d5
{[%clk 0:04:49]} Nxd5 {[%clk 0:07:37]} 22. Nfxd5 {[%clk 0:04:40]} exd5
{[%clk 0:07:41]} 23. Bxd5 {[%clk 0:03:38]} Bxd5 {[%clk 0:07:17]} 24. Nxd5
{[%clk 0:03:47]} Nf5 {[%clk 0:06:07]} 25. Re5 {[%clk 0:03:41]} g6
{[%clk 0:04:59]} 26. Rd1 {[%clk 0:03:36]} Kg7 {[%clk 0:04:27]} 27. Nc3
{[%clk 0:03:39]} Rfd8 {[%clk 0:04:04]} 28. Red5 {[%clk 0:03:48]} Rxd5
{[%clk 0:04:05]} 29. Rxd5 {[%clk 0:03:57]} Rb7 {[%clk 0:04:02]} 30. Kf1
{[%clk 0:03:42]} h5 {[%clk 0:04:00]} 31. Ke2 {[%clk 0:03:21]} Kf6
{[%clk 0:03:38]} 32. Rd8 {[%clk 0:03:01]} Ke7 {[%clk 0:03:22]} 33. Ra8
{[%clk 0:03:09]} Nd6 {[%clk 0:03:30]} 34. Kd3 {[%clk 0:03:07]} Rd7
{[%clk 0:02:48]} 35. Kc2 {[%clk 0:03:05]} Ke6 {[%clk 0:02:34]} 36. a4
{[%clk 0:02:32]} Ke5 {[%clk 0:02:07]} 37. Kb3 {[%clk 0:02:08]} Kd4
{[%clk 0:01:43]} 38. Kc2 {[%clk 0:01:51]} Kc5 {[%clk 0:01:45]} 39. Kb3
{[%clk 0:01:14]} 1/2-1/2

[Event "Team Championship Russia (Rapid, Men)"]
[Site "Sochi"]
[Date "2018.10.08"]
[Round "1.30"]
[White "Kuzmin, Roman"]
[Black "Rozum, Ivan"]
[Result "0-1"]
[BlackElo "2612"]
[WhiteElo "2021"]
[LiveChessVersion "1.4.8"]

1. e4 {[%clk 0:15:18]} e5 {[%clk 0:15:16]} 2. Nf3 {[%clk 0:15:26]} Nc6
{[%clk 0:15:25]} 3. Bb5 {[%clk 0:15:35]} a6 {[%clk 0:15:29]} 4. Ba4
{[%clk 0:15:43]} d6 {[%clk 0:15:38]} 5. O-O {[%clk 0:15:48]} Bd7 {[%clk 0:15:46]}
6. c3 {[%clk 0:15:24]} g6 {[%clk 0:15:53]} 7. d4 {[%clk 0:15:11]} Bg7
{[%clk 0:16:02]} 8. Bg5 {[%clk 0:15:12]} f6 {[%clk 0:15:38]} 9. Be3
{[%clk 0:15:13]} Nh6 {[%clk 0:15:45]} 10. dxe5 {[%clk 0:14:10]} dxe5
{[%clk 0:15:48]} 11. Qd5 {[%clk 0:13:20]} Qe7 {[%clk 0:14:43]} 12. Bc5
{[%clk 0:06:57]} Qf7 {[%clk 0:14:37]} 13. Rd1 {[%clk 0:05:07]} O-O-O
{[%clk 0:13:29]} 14. Qxf7 {[%clk 0:05:01]} Nxf7 {[%clk 0:13:37]} 15. Bb3
{[%clk 0:05:09]} Bf8 {[%clk 0:13:16]} 16. Bxf8 {[%clk 0:04:27]} Rhxf8
{[%clk 0:13:24]} 17. Nbd2 {[%clk 0:03:34]} Nd6 {[%clk 0:13:19]} 18. Re1
{[%clk 0:03:20]} Na5 {[%clk 0:12:46]} 19. Bc2 {[%clk 0:02:39]} Nac4
{[%clk 0:10:53]} 20. Nxc4 {[%clk 0:02:35]} Nxc4 {[%clk 0:11:02]} 21. b3
{[%clk 0:00:57]} Na3 {[%clk 0:11:05]} 22. Bd3 {[%clk 0:01:05]} Bb5
{[%clk 0:11:07]} 23. Bxb5 {[%clk 0:01:04]} Nxb5 {[%clk 0:11:04]} 24. c4
{[%clk 0:00:31]} Nd4 {[%clk 0:10:58]} 25. Nxd4 {[%clk 0:00:29]} Rxd4
{[%clk 0:11:06]} 26. Re2 {[%clk 0:00:30]} Rfd8 {[%clk 0:11:12]} 27. f3
{[%clk 0:00:34]} c5 {[%clk 0:11:02]} 28. Kf2 {[%clk 0:00:37]} Kc7
{[%clk 0:11:10]} 29. Rc1 {[%clk 0:00:32]} Kc6 {[%clk 0:10:43]} 30. Rcc2
{[%clk 0:00:21]} b5 {[%clk 0:10:47]} 31. cxb5+ {[%clk 0:00:24]} axb5
{[%clk 0:10:55]} 32. Rc3 {[%clk 0:00:23]} c4 {[%clk 0:10:44]} 33. bxc4
{[%clk 0:00:18]} bxc4 {[%clk 0:10:52]} 34. Rec2 {[%clk 0:00:17]} Kc5
{[%clk 0:08:57]} 35. Ke2 {[%clk 0:00:20]} Rb8 {[%clk 0:09:02]} 36. a3
{[%clk 0:00:15]} Rb1 {[%clk 0:08:56]} 37. Rc1 {[%clk 0:00:21]} Rxc1
{[%clk 0:06:50]} 38. Rxc1 {[%clk 0:00:31]} Rd3 {[%clk 0:06:57]} 39. Ra1
{[%clk 0:00:33]} Kb5 {[%clk 0:06:24]} 40. a4+ {[%clk 0:00:18]} Ka5
{[%clk 0:06:32]} 41. Rc1 {[%clk 0:00:26]} Rd4 {[%clk 0:06:16]} 42. Ra1
{[%clk 0:00:20]} c3 {[%clk 0:06:24]} 43. Ke3 {[%clk 0:00:23]} Rd7
{[%clk 0:06:00]} 44. g3 {[%clk 0:00:15]} Kb4 {[%clk 0:06:05]} 45. a5
{[%clk 0:00:20]} c2 {[%clk 0:06:13]} 46. Rc1 {[%clk 0:00:14]} Kc3
{[%clk 0:06:08]} 47. f4 {[%clk 0:00:12]} Rd1 {[%clk 0:06:09]} 48. Rxc2+
{[%clk 0:00:15]} Kxc2 {[%clk 0:06:18]} 49. fxe5 {[%clk 0:00:22]} fxe5
{[%clk 0:06:27]} 50. Kf3 {[%clk 0:00:28]} h5 {[%clk 0:06:35]} 51. g4
{[%clk 0:00:32]} Rd3+ {[%clk 0:06:43]} 52. Kg2 {[%clk 0:00:39]} h4
{[%clk 0:06:38]} 53. g5 {[%clk 0:00:41]} Ra3 {[%clk 0:06:34]} 54. a6
{[%clk 0:00:45]} Rxa6 {[%clk 0:06:37]} 55. Kh3 {[%clk 0:00:55]} Kd3
{[%clk 0:06:45]} 56. Kxh4 {[%clk 0:01:03]} Kxe4 {[%clk 0:06:54]} 0-1

[Event "Team Championship Russia (Rapid, Men)"]
[Site "Sochi"]
[Date "2018.10.08"]
[Round "1.31"]
[White "Moiseenko, Vadim"]
[Black "Kharitonov, Egor"]
[Result "1-0"]
[BlackElo "2030"]
[WhiteElo "2577"]
[LiveChessVersion "1.4.8"]

1. e4 {[%clk 0:15:19]} c5 {[%clk 0:15:19]} 2. Nc3 {[%clk 0:15:26]} a6
{[%clk 0:14:27]} 3. f4 {[%clk 0:13:09]} b5 {[%clk 0:14:30]} 4. Nf3
{[%clk 0:13:10]} Bb7 {[%clk 0:14:38]} 5. d3 {[%clk 0:13:10]} e6 {[%clk 0:14:33]}
6. g3 {[%clk 0:13:11]} Be7 {[%clk 0:14:14]} 7. Bg2 {[%clk 0:13:20]} Nc6
{[%clk 0:14:16]} 8. O-O {[%clk 0:13:27]} d6 {[%clk 0:14:23]} 9. Be3
{[%clk 0:13:32]} Nf6 {[%clk 0:14:31]} 10. h3 {[%clk 0:13:38]} Qc7
{[%clk 0:12:14]} 11. a3 {[%clk 0:13:22]} Rd8 {[%clk 0:11:03]} 12. g4
{[%clk 0:13:08]} d5 {[%clk 0:10:36]} 13. exd5 {[%clk 0:13:08]} Nxd5
{[%clk 0:10:41]} 14. Nxd5 {[%clk 0:13:16]} Rxd5 {[%clk 0:10:49]} 15. Qe1
{[%clk 0:12:42]} O-O {[%clk 0:09:59]} 16. Rd1 {[%clk 0:12:41]} Rdd8
{[%clk 0:09:26]} 17. Qf2 {[%clk 0:12:46]} Nd4 {[%clk 0:08:29]} 18. Rde1
{[%clk 0:10:44]} Nxf3+ {[%clk 0:06:31]} 19. Bxf3 {[%clk 0:10:53]} Bxf3
{[%clk 0:06:39]} 20. Qxf3 {[%clk 0:11:01]} Bf6 {[%clk 0:06:47]} 21. Bc1
{[%clk 0:10:42]} c4 {[%clk 0:06:34]} 22. dxc4 {[%clk 0:10:44]} Qxc4
{[%clk 0:06:41]} 23. Re2 {[%clk 0:10:40]} Rd5 {[%clk 0:04:36]} 24. Kh2
{[%clk 0:09:50]} Rfd8 {[%clk 0:04:24]} 25. Rg2 {[%clk 0:08:58]} Qc7
{[%clk 0:03:34]} 26. c3 {[%clk 0:08:00]} Qd6 {[%clk 0:03:27]} 27. Be3
{[%clk 0:07:59]} Rd3 {[%clk 0:02:56]} 28. Qe4 {[%clk 0:07:53]} Qd5
{[%clk 0:02:53]} 29. Qxd5 {[%clk 0:08:02]} R8xd5 {[%clk 0:03:01]} 30. Re2
{[%clk 0:08:05]} h6 {[%clk 0:02:59]} 31. Kg2 {[%clk 0:07:50]} a5 {[%clk 0:02:50]}
32. Rc1 {[%clk 0:07:30]} Kh7 {[%clk 0:02:18]} 33. Kf3 {[%clk 0:05:54]} Kg6 34.
Ke4 Be7 {[%clk 0:01:32]} 35. f5+ {[%clk 0:05:45]} Kh7 {[%clk 0:01:26]} 36. fxe6
{[%clk 0:05:53]} fxe6 {[%clk 0:01:35]} 37. Rf1 {[%clk 0:05:55]} Kg6
{[%clk 0:01:42]} 38. Rf3 {[%clk 0:05:14]} Bf6 {[%clk 0:01:37]} 39. Bb6
{[%clk 0:04:26]} Rxf3 {[%clk 0:01:37]} 40. Kxf3 b4 41. cxb4 {[%clk 0:02:52]} axb4
{[%clk 0:01:44]} 42. axb4 {[%clk 0:02:51]} Rd3+ {[%clk 0:01:31]} 43. Re3
{[%clk 0:03:00]} Rxe3+ {[%clk 0:01:25]} 44. Bxe3 {[%clk 0:02:45]} Bxb2
{[%clk 0:01:34]} 45. Ke4 {[%clk 0:02:54]} Kf7 {[%clk 0:01:40]} 46. b5
{[%clk 0:03:02]} Ke7 {[%clk 0:01:41]} 47. Bd4 {[%clk 0:03:08]} Bxd4
{[%clk 0:01:35]} 48. Kxd4 {[%clk 0:03:17]} Kd6 {[%clk 0:01:44]} 49. h4
{[%clk 0:03:17]} g6 {[%clk 0:01:53]} 50. b6 {[%clk 0:03:21]} Kc6 {[%clk 0:02:02]}
51. Ke5 {[%clk 0:03:31]} Kxb6 {[%clk 0:02:10]} 52. Kxe6 {[%clk 0:03:40]} Kc6
{[%clk 0:02:06]} 53. Kf6 {[%clk 0:03:48]} 1-0

[Event "Team Championship Russia (Rapid, Men)"]
[Site "Sochi"]
[Date "2018.10.08"]
[Round "1.32"]
[White "Pingin, Artem"]
[Black "Gogolev, Artem"]
[Result "1/2-1/2"]
[BlackElo "2375"]
[WhiteElo "1792"]
[LiveChessVersion "1.4.8"]

1. e4 {[%clk 0:15:18]} c5 {[%clk 0:15:12]} 2. Nf3 {[%clk 0:15:24]} Nf6
{[%clk 0:15:20]} 3. Nc3 {[%clk 0:14:48]} d5 {[%clk 0:15:23]} 4. exd5
{[%clk 0:14:47]} Nxd5 {[%clk 0:15:30]} 5. Bb5+ {[%clk 0:14:01]} Bd7
{[%clk 0:15:23]} 6. Bxd7+ {[%clk 0:13:48]} Qxd7 {[%clk 0:15:30]} 7. Nxd5
{[%clk 0:13:54]} Qxd5 {[%clk 0:15:39]} 8. d4 {[%clk 0:14:00]} Nc6
{[%clk 0:14:21]} 9. dxc5 {[%clk 0:12:39]} Qxc5 {[%clk 0:13:40]} 10. O-O
{[%clk 0:12:40]} e6 {[%clk 0:12:39]} 11. Qe2 {[%clk 0:12:03]} Be7
{[%clk 0:12:08]} 12. Be3 {[%clk 0:11:17]} Qa5 {[%clk 0:12:06]} 13. Nd4
{[%clk 0:10:49]} Nxd4 {[%clk 0:11:26]} 14. Bxd4 {[%clk 0:10:54]} O-O
{[%clk 0:11:33]} 15. Qe5 {[%clk 0:08:51]} Qxe5 {[%clk 0:11:27]} 16. Bxe5
{[%clk 0:09:01]} f6 {[%clk 0:05:54]} 17. Bf4 {[%clk 0:08:13]} Bc5
{[%clk 0:05:28]} 18. Rfe1 {[%clk 0:05:22]} e5 {[%clk 0:05:29]} 19. Be3
{[%clk 0:05:29]} Bxe3 {[%clk 0:05:35]} 20. Rxe3 {[%clk 0:05:39]} Rfd8
{[%clk 0:05:44]} 21. Re2 {[%clk 0:05:16]} Rd6 {[%clk 0:05:43]} 22. f3
{[%clk 0:04:56]} Kf7 {[%clk 0:05:48]} 23. Kf2 {[%clk 0:05:05]} g5
{[%clk 0:05:29]} 24. g3 {[%clk 0:04:02]} Rad8 {[%clk 0:05:22]} 25. Ke1
{[%clk 0:04:03]} h5 {[%clk 0:05:22]} 26. b3 {[%clk 0:03:23]} Kg6 {[%clk 0:05:05]}
27. Kf2 {[%clk 0:03:10]} Kf5 {[%clk 0:05:03]} 28. Rae1 {[%clk 0:03:00]} g4
{[%clk 0:03:26]} 29. a4 {[%clk 0:02:57]} a5 {[%clk 0:03:10]} 30. Rf1
{[%clk 0:02:42]} Rd1 {[%clk 0:03:04]} 31. Rxd1 {[%clk 0:01:50]} Rxd1
{[%clk 0:03:12]} 32. Kg2 {[%clk 0:01:58]} Rd4 {[%clk 0:02:55]} 33. h3
{[%clk 0:01:33]} gxh3+ {[%clk 0:02:03]} 34. Kxh3 {[%clk 0:01:40]} Kg5
{[%clk 0:02:11]} 35. Kg2 {[%clk 0:01:37]} h4 {[%clk 0:01:39]} 36. Kh3
{[%clk 0:01:35]} hxg3 {[%clk 0:01:46]} 37. Kxg3 {[%clk 0:01:45]} Kf5
{[%clk 0:01:50]} 38. Rh2 {[%clk 0:01:45]} Rd7 {[%clk 0:01:58]} 39. Rh5+
{[%clk 0:01:51]} Ke6 {[%clk 0:02:04]} 40. Rh2 {[%clk 0:02:00]} Rg7+
{[%clk 0:02:09]} 41. Kf2 {[%clk 0:02:06]} f5 {[%clk 0:01:52]} 42. Rh6+
{[%clk 0:02:14]} Kd5 {[%clk 0:02:01]} 43. Rb6 {[%clk 0:01:52]} Rc7
{[%clk 0:01:37]} 44. Rb5+ {[%clk 0:00:54]} Kd4 {[%clk 0:01:44]} 45. c4
{[%clk 0:00:50]} Kc3 {[%clk 0:00:34]} 46. Rxe5 {[%clk 0:00:58]} Kxb3
{[%clk 0:00:41]} 47. Rxa5 {[%clk 0:01:03]} 1/2-1/2